The Formation of a Mechanism to Improve the Competitiveness of the Sugar Industry in the Republic of Kazakhstan
Cieľom výskumu je vytvoriť metódy na zvýšenie úrovne konkurencieschopnosti produktov cukrovarníckeho priemyslu. Štúdia sa uskutočnila v rámci Kazašskej republiky, berúc do úvahy vlastnosti, ktoré charakterizujú rozvoj priemyslu v krajine. Za hlavnú metódu štúdie možno považovať modelovanie. Okrem to...
Guardado en:
| Autor principal: | |
|---|---|
| Otros Autores: | , , |
| Formato: | Capítulo de libro |
| Lenguaje: | inglés |
| Materias: | |
| Etiquetas: |
Sin Etiquetas, Sea el primero en etiquetar este registro!
|
MARC
| LEADER | 00000naa a2200000 4500 | ||
|---|---|---|---|
| 001 | 0302880 | ||
| 005 | 20240716094716.4 | ||
| 041 | 0 | |a eng | |
| 044 | |a UA | ||
| 245 | 1 | 0 | |a The Formation of a Mechanism to Improve the Competitiveness of the Sugar Industry in the Republic of Kazakhstan |c Akzhan Yeginbayeva, Katarína Petrovčiková |
| 520 | |a Cieľom výskumu je vytvoriť metódy na zvýšenie úrovne konkurencieschopnosti produktov cukrovarníckeho priemyslu. Štúdia sa uskutočnila v rámci Kazašskej republiky, berúc do úvahy vlastnosti, ktoré charakterizujú rozvoj priemyslu v krajine. Za hlavnú metódu štúdie možno považovať modelovanie. Okrem toho stojí za zmienku analýza, historická metóda, indukcia a iné. | ||
| 610 | 2 | 0 | |a poľnohospodárstvo |
| 610 | 2 | 0 | |a cukrovarníctvo |
| 610 | 2 | 0 | |a Kazachstan |
| 610 | 2 | 0 | |a analýza dát |
| 100 | 1 | |a Yeginbayeva, Akzhan | |
| 700 | 1 | |a Karipova, Ainur | |
| 700 | 1 | |a Petrovčiková, Katarína, 1977- | |
| 700 | 1 | |a Issayeva, Bibigul | |